000 00216nam a2200085Ia 4500
008 120527s9999 xx 000 0 und d
100 _aGASPAR,Emilian.
245 _aModern trends in tracer hydrology vol I.
942 _cBK
999 _c23902
_d23902